000 00629nam a2200205 a 4500
001 17082
003 CO-ViMGA
008 141112s2004 ck r 000 u spa d
020 _a8420009016
040 _aCO-ViMGA
_bspa
_cCO-ViMGA
082 0 4 _aR577.1 W435
100 1 _aWidmer, Francois; Beffa, Roland
_924244
245 1 0 _aDiccionario de Bioquímica y biología molecular
260 _aZaragoza (España),
_cAcribia,
_c2000
300 _a247.p.
590 _aForma de adquisición : Premio - Mincultura
650 1 4 _aBIOLOGIA MOLECULAR - DICCIONARIOS
_924245
650 1 4 _aBIOQUIMICA - DICCIONARIOS
_924246
942 _2ddc
_cBK
999 _c26695
_d26695